Personajes de Cómic - Estadísticas

Estadísticas generales
  • Esta prueba ha sido intentada 97 veces
  • La puntuación promedio es 13 de 20
Estadísticas de respuestas
Imagen Respuesta % Correcto
Garfield
99%
Pitufina
98%
Asterix
95%
Mafalda
93%
Tintín
93%
Obelix
92%
Papá Pitufo
90%
Filemón
87%
Mortadelo
87%
Superlópez
76%
Zape
70%
Zipi
70%
Rompetechos
56%
Lucky Luke
55%
Hermanos Dalton
45%
Capitán Haddock
42%
Capitán Trueno
38%
Marsupilami
35%
Spirou
17%
Yakari
6%
No se encontraron pruebas coincidentes
Distribución de puntuación
Porcentaje de gente con cada puntuación
Porcentaje por número respondido
Historial de tus puntuaciones
No has intentado esta prueba.